000 00550nam a2200193Ia 4500
005 20250508153736.0
008 008 250505s9999 xx 000 0 eng d
037 _aTextual
040 _aFEDL
_beng
_cFEDL
041 _aeng
_2eng
084 _a371.2, WAL
_qFEDL
100 _aWalton John
245 0 _aAdministration and policy-making in education
260 _aBaltimore
_bJohns Hopkins University Press
_c1959
300 _a207p.
650 _aSchool Administration
942 _cTEXL
_h371.2, WAL
999 _c1345139
_d1345139